Wilson aims for greener Britain (Record no. 67951)

MARC details
000 -LEADER
fixed length control field 01046cam a2200217 4500
001 - CONTROL NUMBER
control field WB3731-12
008 - FIXED-LENGTH DATA ELEMENTS--GENERAL INFORMATION
fixed length control field 010808n2001 000 0 eng u
035 ## - SYSTEM CONTROL NUMBER
System control number (Sirsi) u114014
245 ## - TITLE STATEMENT
Title Wilson aims for greener Britain
260 ## - PUBLICATION, DISTRIBUTION, ETC.
Date of publication, distribution, etc. 2001
490 ## - SERIES STATEMENT
Series statement DTI Press Release
Volume/sequential designation (P/2001/420) 3 August 2001, (2)
520 ## - SUMMARY, ETC.
Summary, etc. Industry and energy minister launches consultation document on the Renewables Obligation which will drive a major increase in the UK's proportion of green electricity. Proposals hope to secure 10% of electricity sales from renewable energy by 2010 and will give £1bn boost to renewables and encourage new cleaner technologies to extract energy from waste rather than incineration. Consultation document will be available at http://www.dti.gov.uk/consultations/
590 ## - LOCAL NOTE (RLIN)
Local note WB
650 ## - SUBJECT ADDED ENTRY--TOPICAL TERM
Topical term or geographic name entry element GREEN ELECTRICITY
650 ## - SUBJECT ADDED ENTRY--TOPICAL TERM
Topical term or geographic name entry element RENEWABLE ENERGY
650 ## - SUBJECT ADDED ENTRY--TOPICAL TERM
Topical term or geographic name entry element GREENHOUSE GASES
650 ## - SUBJECT ADDED ENTRY--TOPICAL TERM
Topical term or geographic name entry element RENEWABLES OBLIGATION
650 ## - SUBJECT ADDED ENTRY--TOPICAL TERM
Topical term or geographic name entry element ELECTRICITY MARKET
690 ## - LOCAL SUBJECT ADDED ENTRY--TOPICAL TERM (OCLC, RLIN)
Topical term or geographic name as entry element ENVIRONMENTAL AND LAND CONSULTANCY-ENERGY
942 ## - ADDED ENTRY ELEMENTS (KOHA)
Suppress in OPAC 0
Holdings
Withdrawn status Lost status Source of classification or shelving scheme Damaged status Not for loan Home library Current library Shelving location Date acquired Total Checkouts Full call number Barcode Date last seen Copy number Price effective from Koha item type
    Dewey Decimal Classification     London London News article 08/08/2001   WB3731-12 114014-1001 06/08/2019 1 06/08/2019 News article